| 000 | 00526cam a2200193 4500 | ||
|---|---|---|---|
| 001 | BIIH004268 | ||
| 008 | 1955 spa | ||
| 035 | _aBIIH004268 | ||
| 050 | 4 |
_aF3429 _bP84 1955 |
|
| 100 | 1 | _aPuga, Mario | |
| 245 | 4 |
_aLos Incas : (Sociedad y Estado) / _cMario Puga. |
|
| 260 |
_aMéxico : _bCentauro, _c1955 |
||
| 300 |
_a203 p. ; _c22 cm. |
||
| 504 | _aBibliografia: p. 191-203 | ||
| 504 | _aIncluye apendice | ||
| 650 | 4 | _aIncas | |
| 650 | 4 |
_aIndios de America del Sur _xPeru |
|
| 942 |
_2lcc _cLIB |
||
| 999 |
_c64056 _d64056 |
||